| 000 | 00500nam a22001697a 4500 | ||
|---|---|---|---|
| 003 | BD-ChCU | ||
| 005 | 20260112092733.0 | ||
| 008 | 260112b bg ||||| |||| 00| 0 ben d | ||
| 040 | _cBD-ChCU | ||
| 082 | _a297.749 SUA | ||
| 100 |
_aSulaiman Nadvi , Allama Syed . _918964 |
||
| 245 |
_aThe Arab Navigation tr. _cAllama Syed , Sulaiman Nadvi . |
||
| 260 |
_aLahore : _bSh. Muhammad Ashraf , _cC 1966 |
||
| 300 | _avi , 153p | ||
| 650 | 0 |
_aArab Description and Travels . _918966 |
|
| 942 |
_2ddc _cBK _n0 |
||
| 999 |
_c110894 _d110894 |
||